000 00655nam a2200241Ia 4500
003 OSt
005 20221002051412.0
006 a|||||r|||| 00| 0
007 ta
008 220930b |||||||| |||| 00| 0 eng d
024 _a27362
037 _cReference Collections
040 _aCRL
_cCRL
_beng
041 _2eng
_aeng
082 _aA:(P111:4k), M4(RR)
100 _aKirby David
_9131298
245 0 _aDictionary of contemporary thought
260 _aLondon
_bMacmillan
_c1984
300 _a153p
_ccm.
650 _aSCIENCE
942 _hA:(P111:4k), M4(RR)
_cref
_2CC
999 _c916772
_d916772